000 01194cam a2200361 a 4500
001 17194858
005 20230417132403.0
008 120305s2012 pk b 001 0 eng
010 _a 2011329760
020 _a9789695570944
025 _aP-E-2011329760; 42
037 _bLibrary of Congress -- Islamabad Overseas Office
_cRs 525
040 _aDLC
_cDLC
042 _alcode
_apcc
043 _aa-pk---
050 0 0 _aKPL511.2
_b.N939 2012
082 _a346.5491012
_bNYA
100 1 _aNyazee, Imran Ahsan Khan.
245 1 0 _aOutlines of Muslim Personal Law /
_cImran Ahsan Khan Nyazee.
246 3 0 _aMuslim Personal Law
246 1 8 _aNyazee outlines of Muslim Personal Law
246 1 3 _aAlsi law outlines
250 _a1st ed.
260 _aRawalpindi :
_bFederal Law House,
_c2021.
300 _a422 p. ;
_c24 cm.
504 _aIncludes bibliographical references and index.
650 0 _aPersons (Islamic law)
_zPakistan.
_9111940
650 0 _aMuslims
_xLegal status, laws, etc.
_zPakistan.
_9111941
650 0 _aPersons (Islamic law)
_9111942
906 _a7
_bcbc
_corigode
_d2
_encip
_f20
_gy-gencatlg
942 _2ddc
_cBK
999 _c594529
_d594529